| 000 | 00431nam a22001697a 4500 | ||
|---|---|---|---|
| 005 | 20250603125739.0 | ||
| 008 | 250603b |||||||| |||| 00| 0 eng d | ||
| 020 |
_a9780340910825 _qpbk |
||
| 041 | _aeng | ||
| 082 | _a823.912 BLY | ||
| 100 | _aBlyton,Emid | ||
| 245 |
_aThe famous five _c/Emid Blyton; |
||
| 250 | _a1st ed. | ||
| 260 |
_aLondon: _bHodder childrens Book, _c2005. |
||
| 300 |
_a264p. : _c18cm. |
||
| 942 | _cENGLISH | ||
| 999 |
_c571462 _d571462 |
||